| 000 | 00987cam a2200301 a 4500 | ||
|---|---|---|---|
| 003 | CO-BoRNBP | ||
| 005 | 20230511221550.0 | ||
| 007 | ta | ||
| 008 | 950309s1994 ck b r 00010 spa d | ||
| 020 | _a9586144429 | ||
| 040 |
_ala _cla _bspa _erda |
||
| 041 | 0 | _aspa | |
| 082 | 0 | 4 |
_a070.44962234 _bH69o _219 ed. |
| 100 | 1 |
_aHoyos, Juan Jos,̌ _d1953- _91986 |
|
| 245 | 1 | 3 |
_aEl oro y la sangre / _cJuan Jos Ȟoyos. |
| 250 | _aPrimera edición | ||
| 300 |
_a301 p. : _bmapas ; _c19 cm. |
||
| 336 |
_2rdacontenido _atexto _btxt |
||
| 337 |
_2rdamedio _asin mediación _bn |
||
| 338 |
_2rdasoporte _avolumen _bnc |
||
| 500 | _aLibro reseądo en : Boletn̕ cultural y bibliogrf̀ico. | ||
| 650 | 4 |
_aCrn̤ica periods̕tica. _2ARMARC _91987 |
|
| 650 | 6 |
_aEmberas _x Reportajes. _2ARMARC _91988 |
|
| 650 |
_aMinas de oro _z Choc (̤Colombia) _x Reportajes. _2ARMARC _91989 |
||
| 650 |
_aIndg̕enas de Choc (̤Colombia) _x Reportajes. _2ARMARC _91990 |
||
| 942 |
_2ddc _cBK |
||
| 949 |
_ac _bc |
||
| 999 |
_c9535 _d9535 |
||